000 00435nam a2200181Ia 4500
001 13324
005 20260306164753.0
008 260306t2007||||xx |||||||||||||| ||spa||
041 _aESP
082 _a001.42
_bR93
100 _aRuiz Olabuénaga, José Ignacio
_eAUT
245 0 _aMetodología de la investigación cualitatita
260 _c2007
300 _a
_c
650 _aGEN
654 _aCHU
942 _cLIB
_dJUS
_fJUS
_2ddc
_n
999 _c13324
_d13324